| 000 | 00612nam a2200229Ia 4500 | ||
|---|---|---|---|
| 003 | OSt | ||
| 005 | 20221007075150.0 | ||
| 006 | a|||||r|||| 00| 0 | ||
| 007 | ta | ||
| 008 | 221006b |||||||| |||| 00| 0 eng d | ||
| 024 | _a30,071 | ||
| 037 | _cTextual | ||
| 040 |
_aFLL _cFLL _beng |
||
| 041 |
_2eng _aeng |
||
| 082 | _aY5.2.N5, L8 | ||
| 100 | _aBenton A.H | ||
| 245 | 0 | _aIndian moral instruction and caste problems | |
| 260 |
_aNew Delhi _bClassical Publications India _c1978 |
||
| 300 |
_axi,121p _ccm. |
||
| 942 |
_hY5.2.N5, L8 _cTEXL _2CC |
||
| 999 |
_c1155045 _d1155045 |
||